[Event "Tradewise Gibraltar ChallWk2"]
[Site "Gibraltar"]
[Date "2016.01.31"]
[Round "2.27"]
[White "Osuna Vega, Enrique"]
[Black "Bryant, Richard B E"]
[Result "1-0"]
[WhiteElo "2127"]
[BlackElo "1961"]
[PlyCount "77"]
[EventDate "2016.01.30"]
[EventType "swiss"]
[EventRounds "5"]
[EventCountry "GGB"]
[SourceTitle "BritBase"]
[Source "www.saund.co.uk"]
[SourceDate "2018.02.10"]
[SourceVersion "1"]
[SourceVersionDate "2018.02.10"]
[SourceQuality "1"]

1. d3 b5 2. Nf3 Bb7 3. Nbd2 e6 4. e4 d5 5. g3 Nf6 6. e5 Nfd7 7. Bg2 c5 8. O-O
Nc6 9. Re1 Be7 10. Nf1 a5 11. h4 h6 12. N1h2 Qc7 13. Bf4 O-O-O 14. c3 Rdg8 15.
Ng4 g5 16. hxg5 hxg5 17. Bd2 Qb6 18. d4 c4 19. b3 Qa6 20. Qe2 Nb6 21. Qe3 Rg6
22. Bf1 Qa8 23. Be2 Ba6 24. Kg2 Kc7 25. Rh1 Rxh1 26. Rxh1 b4 27. Rh6 Rg7 28.
Nf6 bxc3 29. Bxc3 Bb4 30. Nd2 Ne7 31. Bg4 Qf8 32. a3 Bxc3 33. Qxc3 Nc6 34. Be2
Bb7 35. bxc4 dxc4 36. Bf3 g4 37. Be4 Rg5 38. Rh7 Nd5 39. Nxd5+ 1-0

[Event "Tradewise Gibraltar ChallWk2"]
[Site "Gibraltar"]
[Date "2016.01.31"]
[Round "2.28"]
[White "Wright, Jonathan"]
[Black "Martin Macias, Daniel"]
[Result "0-1"]
[WhiteElo "1902"]
[BlackElo "2104"]
[PlyCount "82"]
[EventDate "2016.01.30"]
[EventType "swiss"]
[EventRounds "5"]
[EventCountry "GGB"]
[SourceTitle "BritBase"]
[Source "www.saund.co.uk"]
[SourceDate "2018.02.10"]
[SourceVersion "1"]
[SourceVersionDate "2018.02.10"]
[SourceQuality "1"]

1. e4 c5 2. Nc3 Nc6 3. g3 e5 4. Bg2 Nf6 5. d3 d6 6. Bg5 Be7 7. Qd2 O-O 8. Nge2
Nd4 9. h3 Rb8 10. Nd1 Nxe4 11. Bxe7 Nxd2 12. Bxd8 N4f3+ 13. Bxf3 Nxf3+ 14. Kf1
Rxd8 15. Ne3 Nd4 16. c3 Nxe2 17. Kxe2 Be6 18. b3 d5 19. Nc2 d4 20. c4 e4 21.
Ne1 Bf5 22. Kd2 Re8 23. g4 Bg6 24. h4 h6 25. Rh3 Re7 26. Ng2 exd3 27. Nf4 Rbe8
28. Rg1 Re4 29. Rf3 R8e5 30. Kd1 b6 31. Nxd3 Re6 32. Rgg3 Bh7 33. Nf4 Re1+ 34.
Kd2 Re8 35. g5 h5 36. g6 Bxg6 37. Nxg6 fxg6 38. Rxg6 Ra1 39. a4 Ra2+ 40. Kd1
Re7 41. Rd6 Re5 0-1

[Event "Tradewise Gibraltar ChallWk2"]
[Site "Gibraltar"]
[Date "2016.01.31"]
[Round "2.29"]
[White "Palmqvist, Fredrik"]
[Black "Tranter, Stephen"]
[Result "1/2-1/2"]
[WhiteElo "2080"]
[BlackElo "1952"]
[PlyCount "28"]
[EventDate "2016.01.30"]
[EventType "swiss"]
[EventRounds "5"]
[EventCountry "GGB"]
[SourceTitle "BritBase"]
[Source "www.saund.co.uk"]
[SourceDate "2018.02.10"]
[SourceVersion "1"]
[SourceVersionDate "2018.02.10"]
[SourceQuality "1"]

1. e4 c6 2. Nc3 d5 3. Nf3 dxe4 4. Nxe4 Nf6 5. Qe2 Bf5 6. d3 e6 7. Bd2 a5 8.
Nxf6+ Qxf6 9. Bc3 Bb4 10. Qd2 Bxc3 11. Qxc3 Nd7 12. Be2 O-O 13. O-O Rfd8 14.
Rfe1 a4 1/2-1/2

[Event "Tradewise Gibraltar ChallWk2"]
[Site "Gibraltar"]
[Date "2016.01.31"]
[Round "2.30"]
[White "Brandstetter, Dieter"]
[Black "George, Lolomari Erekosima"]
[Result "0-1"]
[WhiteElo "2039"]
[BlackElo "1937"]
[PlyCount "96"]
[EventDate "2016.01.30"]
[EventType "swiss"]
[EventRounds "5"]
[EventCountry "GGB"]
[SourceTitle "BritBase"]
[Source "www.saund.co.uk"]
[SourceDate "2018.02.10"]
[SourceVersion "1"]
[SourceVersionDate "2018.02.10"]
[SourceQuality "1"]

1. d4 Nf6 2. Bg5 e6 3. Nd2 Be7 4. e4 d5 5. e5 Nfd7 6. Bxe7 Qxe7 7. c3 c5 8. Bd3
b6 9. Ne2 f6 10. exf6 Qxf6 11. O-O e5 12. Ng3 O-O 13. dxe5 Nxe5 14. Be2 Bb7 15.
Nf3 Ng6 16. Qd2 Nf4 17. Ne1 Nxe2+ 18. Nxe2 Nd7 19. Nd3 Rae8 20. Rae1 Qh4 21.
Ng3 g6 22. Rxe8 Rxe8 23. Re1 Re7 24. Re3 Qg5 25. f4 Qf6 26. Qe2 Rxe3 27. Qxe3
d4 28. cxd4 Qxd4 29. Qxd4 cxd4 30. b4 Nf8 31. Kf2 Ne6 32. f5 gxf5 33. Nxf5 Be4
34. Nxd4 Nxd4 35. Ke3 Bxd3 36. Kxd3 Nc6 37. Kc4 Kf7 38. Kb5 Nb8 39. a4 Ke6 40.
a5 bxa5 41. bxa5 Kd6 42. g4 Kc7 43. h4 a6+ 44. Kc4 Kd6 45. g5 Nc6 46. h5 Nxa5+
47. Kd4 Ke6 48. Kc5 Nb7+ 0-1

[Event "Tradewise Gibraltar ChallWk2"]
[Site "Gibraltar"]
[Date "2016.01.31"]
[Round "2.31"]
[White "Bonillo Coll, Alex"]
[Black "Ebner, Johann"]
[Result "1/2-1/2"]
[WhiteElo "1835"]
[BlackElo "2036"]
[PlyCount "56"]
[EventDate "2016.01.30"]
[EventType "swiss"]
[EventRounds "5"]
[EventCountry "GGB"]
[SourceTitle "BritBase"]
[Source "www.saund.co.uk"]
[SourceDate "2018.02.10"]
[SourceVersion "1"]
[SourceVersionDate "2018.02.10"]
[SourceQuality "1"]

1. d4 e6 2. Nf3 Nf6 3. Bf4 d5 4. e3 c5 5. c3 Nc6 6. Nbd2 Be7 7. Bd3 O-O 8. O-O
Nh5 9. Qb1 Nxf4 10. Bxh7+ Kh8 11. exf4 f5 12. Bg6 Rf6 13. Nh4 Bd6 14. g3 Ne7
15. Qd1 Nxg6 16. Qh5+ Kg8 17. Nxg6 Bd7 18. Qh8+ Kf7 19. Qxd8 Rxd8 20. Ne5+ Ke7
21. Nxd7 Kxd7 22. Nf3 Rh6 23. h4 Ke7 24. Rfe1 Rc8 25. Re2 Kd7 26. Rae1 a6 27.
Ng5 cxd4 28. cxd4 Bb4 1/2-1/2

[Event "Tradewise Gibraltar ChallWk2"]
[Site "Gibraltar"]
[Date "2016.01.31"]
[Round "2.32"]
[White "Krokay, Urszula"]
[Black "Boron, Anthony"]
[Result "0-1"]
[WhiteElo "2035"]
[BlackElo "1915"]
[PlyCount "96"]
[EventDate "2016.01.30"]
[EventType "swiss"]
[EventRounds "5"]
[EventCountry "GGB"]
[SourceTitle "BritBase"]
[Source "www.saund.co.uk"]
[SourceDate "2018.02.10"]
[SourceVersion "1"]
[SourceVersionDate "2018.02.10"]
[SourceQuality "1"]

1. Nc3 e6 2. d4 d5 3. e4 dxe4 4. Nxe4 Bd7 5. Nf3 Bc6 6. Bd3 Nd7 7. O-O Ngf6 8.
Ng3 Be7 9. Re1 Bxf3 10. Qxf3 c6 11. Bg5 Qa5 12. Bxf6 Nxf6 13. c3 Rd8 14. Bc4
O-O 15. Nf5 Qc7 16. Nxe7+ Qxe7 17. Re5 Nd7 18. Re4 Nf6 19. Re2 Qd6 20. Rae1 Nd5
21. Re4 Rfe8 22. Bb3 Re7 23. Bc2 Rde8 24. Rh4 g6 25. Qh3 Nf6 26. Re5 Kg7 27.
Qe3 Rh8 28. Qh6+ Kg8 29. Rg5 e5 30. g3 exd4 31. Rxd4 Qc7 32. h4 c5 33. Rd2 b6
34. h5 Re1+ 35. Kg2 Re8 36. f3 Qe7 37. Rf2 Rd8 38. f4 Qb7+ 39. Kh2 Qe7 40. Kh3
Qe1 41. Rh2 Qf1+ 42. Kh4 Rd2 43. Rh3 Rxc2 44. Re5 Re2 45. Qg5 Nxh5 46. Qd8+ Kg7
47. Qd3 Nxf4 48. gxf4 Qxf4# 0-1

[Event "Tradewise Gibraltar ChallWk2"]
[Site "Gibraltar"]
[Date "2016.01.31"]
[Round "2.33"]
[White "Musi, Dietmar"]
[Black "Suez-Panama, Gilles"]
[Result "1/2-1/2"]
[WhiteElo "1754"]
[BlackElo "2032"]
[PlyCount "85"]
[EventDate "2016.01.30"]
[EventType "swiss"]
[EventRounds "5"]
[EventCountry "GGB"]
[SourceTitle "BritBase"]
[Source "www.saund.co.uk"]
[SourceDate "2018.02.10"]
[SourceVersion "1"]
[SourceVersionDate "2018.02.10"]
[SourceQuality "1"]

1. e4 e6 2. d4 d5 3. Nc3 Nf6 4. e5 Nfd7 5. f4 c5 6. Nf3 Nc6 7. Be3 cxd4 8. Nxd4
Bc5 9. Qd2 a6 10. O-O-O O-O 11. h4 Nxd4 12. Bxd4 b5 13. g4 Qa5 14. Kb1 b4 15.
Ne2 Qb6 16. Bxc5 Nxc5 17. Bg2 Bb7 18. f5 exf5 19. gxf5 Rae8 20. Qd4 Na4 21.
Bxd5 Bxd5 22. Qxd5 Qe3 23. Nc1 Rxe5 24. Qd3 Qb6 25. Rhg1 Qf6 26. Rg4 Re4 27.
Qb3 Nc3+ 28. bxc3 Rxg4 29. cxb4 Qxf5 30. Nd3 Rd8 31. Rd2 Rxh4 32. Rf2 Rh1+ 33.
Kb2 Qd7 34. Rf4 Qe7 35. a3 h5 36. Rf2 Rh3 37. Qc4 Qd7 38. Rf4 Qa7 39. Ne5 Rf8
40. Nxf7 Rxf7 41. Qc8+ Kh7 42. Rxf7 Qd4+ 43. Ka2 1/2-1/2

[Event "Tradewise Gibraltar ChallWk2"]
[Site "Gibraltar"]
[Date "2016.01.31"]
[Round "2.34"]
[White "Calvi, Stefan"]
[Black "Lochte, Szilvia"]
[Result "1-0"]
[WhiteElo "2026"]
[BlackElo "1913"]
[PlyCount "65"]
[EventDate "2016.01.30"]
[EventType "swiss"]
[EventRounds "5"]
[EventCountry "GGB"]
[SourceTitle "BritBase"]
[Source "www.saund.co.uk"]
[SourceDate "2018.02.10"]
[SourceVersion "1"]
[SourceVersionDate "2018.02.10"]
[SourceQuality "1"]

1. e4 c5 2. c3 d5 3. exd5 Qxd5 4. d4 Nc6 5. Nf3 Bf5 6. Be3 Nf6 7. c4 Qd7 8. d5
Nb4 9. Na3 e6 10. Ne5 Qc7 11. Qa4+ Nd7 12. d6 Bxd6 13. Nb5 Qb6 14. Nxd7 Kxd7
15. O-O-O Bc2 16. Qxc2 Nxc2 17. Kxc2 Rhd8 18. Rxd6+ Qxd6 19. Nxd6 Kxd6 20. Be2
b6 21. Bf3 Rac8 22. Re1 Rd7 23. h4 Ke7 24. h5 h6 25. Bd2 Rcd8 26. Bc3 Kf8 27.
Re4 a6 28. Rg4 f6 29. Re4 Kf7 30. Re3 b5 31. Bc6 Rd6 32. cxb5 axb5 33. Bxb5 1-0

[Event "Tradewise Gibraltar ChallWk2"]
[Site "Gibraltar"]
[Date "2016.01.31"]
[Round "2.36"]
[White "Harding, Tim D"]
[Black "Haddock, Paul"]
[Result "1-0"]
[WhiteElo "2006"]
[BlackElo "1606"]
[PlyCount "89"]
[EventDate "2016.01.30"]
[EventType "swiss"]
[EventRounds "5"]
[EventCountry "GGB"]
[SourceTitle "BritBase"]
[Source "www.saund.co.uk"]
[SourceDate "2018.02.10"]
[SourceVersion "1"]
[SourceVersionDate "2018.02.10"]
[SourceQuality "1"]

1. e4 e5 2. Nf3 Nc6 3. d4 exd4 4. Nxd4 Bc5 5. Nb3 Bb6 6. Nc3 Qf6 7. Qe2 Nge7 8.
Be3 O-O 9. O-O-O d6 10. g3 Ne5 11. h3 Qf3 12. Qxf3 Nxf3 13. Bxb6 axb6 14. Bg2
Ne5 15. Rhe1 N7c6 16. a3 Be6 17. f4 Nc4 18. Nb5 Rac8 19. N3d4 Rfe8 20. Nxc6
bxc6 21. Na7 Rcd8 22. Nxc6 Rc8 23. Nd4 Bd7 24. Bf1 Na5 25. b3 Nc6 26. Bb5 Nb8
27. Kb2 Bxb5 28. Nxb5 Nc6 29. Nc3 Ne7 30. e5 dxe5 31. Rxe5 Nc6 32. Rxe8+ Rxe8
33. Rd7 Re7 34. Rd3 Kf8 35. b4 Ke8 36. Kb3 Rd7 37. Rxd7 Kxd7 38. Kc4 Kd6 39.
Nb5+ Kd7 40. a4 Ne7 41. Nd4 Nc8 42. a5 bxa5 43. bxa5 Nd6+ 44. Kd5 Nb7 45. a6
1-0

[Event "Tradewise Gibraltar ChallWk2"]
[Site "Gibraltar"]
[Date "2016.02.01"]
[Round "3.1"]
[White "Menna Barreto, Felipe Kubiaki"]
[Black "Gueler, Sebastian"]
[Result "1-0"]
[WhiteElo "2247"]
[BlackElo "2189"]
[PlyCount "53"]
[EventDate "2016.01.30"]
[EventType "swiss"]
[EventRounds "5"]
[EventCountry "GGB"]
[SourceTitle "BritBase"]
[Source "www.saund.co.uk"]
[SourceDate "2018.02.10"]
[SourceVersion "1"]
[SourceVersionDate "2018.02.10"]
[SourceQuality "1"]

1. Nf3 Nf6 2. d4 e6 3. Bf4 d5 4. e3 c5 5. Nbd2 Nc6 6. c3 Bd6 7. Bg3 b6 8. Bb5
Qc7 9. Bxd6 Qxd6 10. Ne5 Bd7 11. f4 O-O 12. Bd3 Rac8 13. O-O Ne8 14. Rf3 f5 15.
Qe2 Nf6 16. Rh3 Be8 17. Kh1 Ne4 18. Ndf3 Nxe5 19. Nxe5 Nf6 20. g4 Nd7 21. Rg1
Nxe5 22. fxe5 Qd8 23. gxf5 exf5 24. Qf3 Bg6 25. Rhg3 Rc7 26. Rg5 Rcf7 27. Qf4
1-0

[Event "Tradewise Gibraltar ChallWk2"]
[Site "Gibraltar"]
[Date "2016.02.01"]
[Round "3.2"]
[White "Dolzhikova, Olga"]
[Black "Lercel, Michal"]
[Result "1-0"]
[WhiteElo "2126"]
[BlackElo "2245"]
[PlyCount "139"]
[EventDate "2016.01.30"]
[EventType "swiss"]
[EventRounds "5"]
[EventCountry "GGB"]
[SourceTitle "BritBase"]
[Source "www.saund.co.uk"]
[SourceDate "2018.02.10"]
[SourceVersion "1"]
[SourceVersionDate "2018.02.10"]
[SourceQuality "1"]

1. e4 e5 2. Nf3 Nc6 3. Bc4 Bc5 4. c3 Nf6 5. d3 a6 6. Bb3 d6 7. h3 Ba7 8. O-O
O-O 9. Bg5 h6 10. Be3 Re8 11. Bxa7 Rxa7 12. Re1 Be6 13. Nbd2 Bxb3 14. Qxb3 Qd7
15. d4 Nh5 16. dxe5 dxe5 17. Rad1 Nf4 18. Nf1 Qc8 19. Ne3 a5 20. Nd5 a4 21. Qc4
Ra5 22. Nxf4 exf4 23. Rd5 Qe6 24. Qd3 Raa8 25. Qd2 g5 26. Nd4 Nxd4 27. Qxd4 f3
28. g4 c6 29. Rd6 Qe5 30. Qxe5 Rxe5 31. Kh2 Rae8 32. Rd4 b5 33. Kg3 c5 34. Rd6
Rxe4 35. Rxe4 Rxe4 36. Kxf3 Rf4+ 37. Ke3 b4 38. Rxh6 f6 39. h4 Rxg4 40. hxg5
fxg5 41. Rc6 bxc3 42. bxc3 c4 43. Ra6 Kf7 44. Rxa4 Ke6 45. Ra6+ Kd5 46. Ra5+
Kd6 47. Rf5 Rg1 48. a4 Rd1 49. Ke2 Ra1 50. a5 Ra3 51. Kd2 g4 52. Rg5 Kc6 53.
Rxg4 Rxa5 54. Rxc4+ Kd5 55. Rh4 Ra2+ 56. Ke3 Rc2 57. c4+ Kc5 58. f3 Rc3+ 59.
Kf2 Rxc4 60. Rxc4+ Kxc4 61. Kg3 Kd5 62. Kf4 Ke6 63. Kg5 Kf7 64. Kf5 Ke7 65. Kg6
Kf8 66. f4 Kg8 67. f5 Kf8 68. Kf6 Kg8 69. Ke7 Kh8 70. f6 1-0

[Event "Tradewise Gibraltar ChallWk2"]
[Site "Gibraltar"]
[Date "2016.02.01"]
[Round "3.3"]
[White "Romero Berruezo, Francisco"]
[Black "Boado Rodriguez, Martin"]
[Result "0-1"]
[WhiteElo "2241"]
[BlackElo "2121"]
[PlyCount "98"]
[EventDate "2016.01.30"]
[EventType "swiss"]
[EventRounds "5"]
[EventCountry "GGB"]
[SourceTitle "BritBase"]
[Source "www.saund.co.uk"]
[SourceDate "2018.02.10"]
[SourceVersion "1"]
[SourceVersionDate "2018.02.10"]
[SourceQuality "1"]

1. e4 Nf6 2. e5 Nd5 3. c4 Nb6 4. d4 d6 5. exd6 cxd6 6. Nc3 g6 7. Be3 Bg7 8. Rc1
O-O 9. b3 Bf5 10. Nf3 d5 11. c5 Nc8 12. Be2 Bg4 13. h3 Bxf3 14. Bxf3 e6 15. b4
a6 16. O-O Ne7 17. Qb3 Nbc6 18. Rfd1 Nf5 19. Ne2 Nh4 20. Bf4 Qf6 21. a3 g5 22.
Bd6 Rfd8 23. Bg4 Qg6 24. g3 Nf5 25. Bxf5 Qxf5 26. Kg2 Qe4+ 27. Qf3 f5 28. Qxe4
fxe4 29. f3 exf3+ 30. Kxf3 Rd7 31. g4 Rf7+ 32. Ke3 Re8 33. Rf1 Rd7 34. Rce1 e5
35. Kd3 e4+ 36. Ke3 Re6 37. Rf5 Rf7 38. Ref1 Ref6 39. Ng3 Nxd4 40. Rxf6 Rxf6
41. Rxf6 Bxf6 42. Nh5 Bh8 43. Be7 Nc2+ 44. Kd2 Nxa3 45. Bxg5 Nc4+ 46. Ke2 Kf7
47. Nf4 d4 48. h4 d3+ 49. Ke1 Bc3+ 0-1

[Event "Tradewise Gibraltar ChallWk2"]
[Site "Gibraltar"]
[Date "2016.02.01"]
[Round "3.4"]
[White "Vinas Guerrero, Carlos A"]
[Black "Longa Yauca, Javier"]
[Result "0-1"]
[WhiteElo "2123"]
[BlackElo "2234"]
[PlyCount "104"]
[EventDate "2016.01.30"]
[EventType "swiss"]
[EventRounds "5"]
[EventCountry "GGB"]
[SourceTitle "BritBase"]
[Source "www.saund.co.uk"]
[SourceDate "2018.02.10"]
[SourceVersion "1"]
[SourceVersionDate "2018.02.10"]
[SourceQuality "1"]

1. e4 e5 2. Nf3 d6 3. d4 Nf6 4. dxe5 Nxe4 5. Bc4 c6 6. exd6 Bxd6 7. Nbd2 Nf6 8.
Qe2+ Be7 9. O-O O-O 10. Re1 Bb4 11. c3 Bd6 12. Ne4 Nxe4 13. Qxe4 Nd7 14. Bg5
Nf6 15. Qh4 h6 16. Bf4 Bxf4 17. Qxf4 Qb6 18. Re2 Bg4 19. Rae1 a5 20. h3 Bxf3
21. Qxf3 Qc5 22. Bb3 a4 23. Bc2 a3 24. b4 Qd5 25. Qg3 c5 26. Bb3 Qc6 27. Re7 c4
28. Bc2 b5 29. Be4 Nxe4 30. R1xe4 Rad8 31. Rg4 Qf6 32. Re3 Rfe8 33. Rf3 Rd1+
34. Kh2 Qe5 35. Rgf4 Qe1 36. Qg4 Qh1+ 37. Kg3 Rg1 38. Kh4 Rxg2 39. Qd7 Re5 40.
Qxf7+ Kh7 41. Rg3 Rxg3 42. fxg3 Qd1 43. Rf5 Qd8+ 44. Kh5 Qd6 45. g4 Re7 46. Qd5
Qg3 47. Qf7 Qd6 48. Rd5 Rxf7 49. Rxd6 Rf3 50. h4 Rxc3 51. g5 hxg5 52. hxg5 Rh3+
0-1

[Event "Tradewise Gibraltar ChallWk2"]
[Site "Gibraltar"]
[Date "2016.02.01"]
[Round "3.5"]
[White "House, Glenn L"]
[Black "Del Amo Carbo, Jordi"]
[Result "1/2-1/2"]
[WhiteElo "2226"]
[BlackElo "2113"]
[PlyCount "102"]
[EventDate "2016.01.30"]
[EventType "swiss"]
[EventRounds "5"]
[EventCountry "GGB"]
[SourceTitle "BritBase"]
[Source "www.saund.co.uk"]
[SourceDate "2018.02.10"]
[SourceVersion "1"]
[SourceVersionDate "2018.02.10"]
[SourceQuality "1"]

1. Nf3 Nf6 2. g3 e6 3. Bg2 d5 4. O-O Be7 5. d3 c5 6. Nbd2 Nc6 7. e4 dxe4 8.
dxe4 e5 9. c3 O-O 10. Qe2 Qc7 11. Re1 a6 12. a4 Rb8 13. Nh4 Re8 14. Nf5 Bf8 15.
Ne3 Be6 16. Nd5 Qc8 17. Nxf6+ gxf6 18. Nc4 Kh8 19. Ne3 Na5 20. Nd5 Bg7 21. Qh5
Nb3 22. Rb1 Nxc1 23. Rbxc1 Qd7 24. a5 Rbd8 25. Qh4 Bxd5 26. exd5 Qc7 27. Be4 h6
28. Qh5 Kg8 29. Ra1 c4 30. Red1 Rd6 31. Rd2 Qc5 32. Ra4 Re7 33. Qf5 Rc7 34. Kg2
Qb5 35. Rb4 Qxa5 36. Rxb7 Rxb7 37. Qc8+ Bf8 38. Qxb7 Qd8 39. Bf5 Rb6 40. Qc8
Qxc8 41. Bxc8 Be7 42. Bf5 Kf8 43. Bb1 Ba3 44. bxa3 Rxb1 45. d6 Ke8 46. d7+ Kd8
47. Rd6 Rb3 48. Rxa6 Kxd7 49. Rxf6 Ke7 50. Rxh6 Rxa3 51. Rc6 Rxc3 1/2-1/2

[Event "Tradewise Gibraltar ChallWk2"]
[Site "Gibraltar"]
[Date "2016.02.01"]
[Round "3.6"]
[White "Verneuil, Pascal"]
[Black "Ungureanu, Sandu"]
[Result "1-0"]
[WhiteElo "2205"]
[BlackElo "2051"]
[PlyCount "65"]
[EventDate "2016.01.30"]
[EventType "swiss"]
[EventRounds "5"]
[EventCountry "GGB"]
[SourceTitle "BritBase"]
[Source "www.saund.co.uk"]
[SourceDate "2018.02.10"]
[SourceVersion "1"]
[SourceVersionDate "2018.02.10"]
[SourceQuality "1"]

1. e4 d5 2. exd5 Qxd5 3. Nc3 Qd8 4. d4 Nf6 5. Bc4 Bg4 6. f3 Bf5 7. Nge2 h6 8.
Bf4 e6 9. Qd2 Bd6 10. g4 Bxf4 11. Nxf4 Bh7 12. O-O-O O-O 13. h4 Kh8 14. g5 Ne8
15. gxh6 Nc6 16. h5 Qxd4 17. Bd3 Bxd3 18. Nxd3 Rg8 19. Rdg1 Rd8 20. Rg4 Qf6 21.
hxg7+ Rxg7 22. Ne4 Qxf3 23. Qh6+ Kg8 24. Rxg7+ Nxg7 25. Rg1 Kf8 26. Qxg7+ Ke8
27. Nf6+ Ke7 28. Ng4 Rd5 29. Kb1 Rxh5 30. Nge5 Nxe5 31. Nxe5 Qf5 32. Ng6+ Kd7
33. Rd1+ 1-0

[Event "Tradewise Gibraltar ChallWk2"]
[Site "Gibraltar"]
[Date "2016.02.01"]
[Round "3.7"]
[White "Jameson, David"]
[Black "Pinho, Paulo"]
[Result "1/2-1/2"]
[WhiteElo "2095"]
[BlackElo "2197"]
[PlyCount "110"]
[EventDate "2016.01.30"]
[EventType "swiss"]
[EventRounds "5"]
[EventCountry "GGB"]
[SourceTitle "BritBase"]
[Source "www.saund.co.uk"]
[SourceDate "2018.02.10"]
[SourceVersion "1"]
[SourceVersionDate "2018.02.10"]
[SourceQuality "1"]

1. e4 c5 2. c3 d5 3. exd5 Qxd5 4. d4 Nf6 5. Nf3 g6 6. Na3 Bg7 7. Be2 O-O 8. O-O
cxd4 9. Qxd4 Qf5 10. Rd1 Nc6 11. Qf4 Ne4 12. Be3 Be6 13. Nb5 Qxf4 14. Bxf4 Rad8
15. Nbd4 Bd5 16. Nxc6 Bxc6 17. Be3 b6 18. Bd4 Ba4 19. Re1 Bxd4 20. Nxd4 e5 21.
Nf3 Rfe8 22. Bd1 Bxd1 23. Raxd1 Rxd1 24. Rxd1 Nc5 25. Kf1 Re7 26. b3 f6 27. Ne1
Kf7 28. Ke2 Rc7 29. c4 Ne4 30. Ke3 f5 31. g3 Ke6 32. Nf3 b5 33. Rc1 bxc4 34.
bxc4 Nd6 35. c5 Nb7 36. c6 Nd8 37. Rc5 Kd6 38. Rxe5 Nxc6 39. Re8 Rb7 40. Nd4
Nxd4 41. Kxd4 Rb2 42. Rh8 Rxf2 43. Rxh7 Rxa2 44. Rh6 Kc7 45. h4 Ra4+ 46. Kc5
Rg4 47. Rh7+ Kd8 48. Kd6 Rd4+ 49. Ke5 Re4+ 50. Kd6 a5 51. h5 gxh5 52. Rxh5 Rd4+
53. Kc5 Rg4 54. Rxf5 Rxg3 55. Kb5 Ke8 1/2-1/2

[Event "Tradewise Gibraltar ChallWk2"]
[Site "Gibraltar"]
[Date "2016.02.01"]
[Round "3.8"]
[White "Kozarcanin, Sead"]
[Black "Guerra Rivera, Salvador"]
[Result "1-0"]
[WhiteElo "2073"]
[BlackElo "2184"]
[PlyCount "75"]
[EventDate "2016.01.30"]
[EventType "swiss"]
[EventRounds "5"]
[EventCountry "GGB"]
[SourceTitle "BritBase"]
[Source "www.saund.co.uk"]
[SourceDate "2018.02.10"]
[SourceVersion "1"]
[SourceVersionDate "2018.02.10"]
[SourceQuality "1"]

1. Nf3 d5 2. d3 c5 3. Nbd2 e6 4. e4 Nc6 5. g3 g6 6. Bg2 Bg7 7. O-O Nge7 8. Re1
O-O 9. Qe2 Qc7 10. Nf1 b6 11. h4 h6 12. N1h2 Kh7 13. e5 Nf5 14. c3 Ba6 15. Bf4
d4 16. c4 b5 17. b3 bxc4 18. bxc4 Rab8 19. Ng4 Qa5 20. Nf6+ Kh8 21. Nd7 Qc3 22.
Nxb8 Rxb8 23. Rab1 Rb6 24. g4 Nfe7 25. Qd2 Nb4 26. Rb3 Qxd2 27. Bxd2 Nec6 28.
Bxb4 Nxb4 29. a3 Nxd3 30. Rxd3 Bxc4 31. Rd2 Bd5 32. Rc1 Rb5 33. g5 a5 34. a4
Rb3 35. Rxc5 Bxf3 36. Bxf3 Rxf3 37. Rxd4 Rf5 38. f4 1-0

[Event "Tradewise Gibraltar ChallWk2"]
[Site "Gibraltar"]
[Date "2016.02.01"]
[Round "3.9"]
[White "Ranaivoharisoa, Alain"]
[Black "Carlsten, Peter"]
[Result "0-1"]
[WhiteElo "2160"]
[BlackElo "2074"]
[PlyCount "108"]
[EventDate "2016.01.30"]
[EventType "swiss"]
[EventRounds "5"]
[EventCountry "GGB"]
[SourceTitle "BritBase"]
[Source "www.saund.co.uk"]
[SourceDate "2018.02.10"]
[SourceVersion "1"]
[SourceVersionDate "2018.02.10"]
[SourceQuality "1"]

1. e4 d6 2. d4 Nf6 3. Nc3 e5 4. Nf3 Nbd7 5. Bc4 Be7 6. O-O O-O 7. Re1 c6 8. a4
b6 9. Bg5 a6 10. d5 c5 11. Rb1 h6 12. Bc1 Ne8 13. Qd3 Kh7 14. Kh1 Bf6 15. Qe3
Nc7 16. b4 cxb4 17. Rxb4 Rb8 18. Ba3 Nc5 19. Reb1 Na8 20. Qe2 Qc7 21. Ne1 Bd7
22. Ba2 Rfc8 23. Bc1 Qd8 24. Nd3 Qe8 25. Nxc5 dxc5 26. R4b2 Bxa4 27. Qxa6 Bd7
28. Nb5 Bxb5 29. Qxb5 Qd8 30. Qe2 Qd6 31. Bc4 Nc7 32. Bd2 Ne8 33. Bb5 Qc7 34.
Bc6 Nd6 35. f3 Bd8 36. c4 f5 37. Bc3 Bf6 38. Ra2 fxe4 39. fxe4 Qf7 40. Qd3 Qg6
41. Re2 Qf7 42. Rf1 Qe7 43. Ra2 Rc7 44. g3 Ra7 45. Rfa1 Rxa2 46. Rxa2 Qf7 47.
Kg2 Qg6 48. Re2 Qf7 49. h3 Qa7 50. Bb5 Rf8 51. Qb1 Qf7 52. Ba4 Bd8 53. Qd1 Qf3+
54. Kh2 Qxc3 0-1

[Event "Tradewise Gibraltar ChallWk2"]
[Site "Gibraltar"]
[Date "2016.02.01"]
[Round "3.10"]
[White "Schouten, Freek"]
[Black "Campbell, Charles"]
[Result "1/2-1/2"]
[WhiteElo "2053"]
[BlackElo "2157"]
[PlyCount "227"]
[EventDate "2016.01.30"]
[EventType "swiss"]
[EventRounds "5"]
[EventCountry "GGB"]
[SourceTitle "BritBase"]
[Source "www.saund.co.uk"]
[SourceDate "2018.02.10"]
[SourceVersion "1"]
[SourceVersionDate "2018.02.10"]
[SourceQuality "1"]

1. d4 Nf6 2. c4 e6 3. g3 d5 4. Nf3 c6 5. Bg2 Nbd7 6. Qc2 Bd6 7. O-O O-O 8. b3
e5 9. cxd5 e4 10. Ng5 cxd5 11. Ba3 Qe7 12. Bxd6 Qxd6 13. Nc3 a6 14. f3 h6 15.
Nh3 exf3 16. exf3 b5 17. Nf4 Bb7 18. Rac1 Rac8 19. Qf2 Rc7 20. Nd3 Rfc8 21. Nb1
b4 22. Rxc7 Rxc7 23. Rc1 Rxc1+ 24. Nxc1 a5 25. Bf1 Ba6 26. Bxa6 Qxa6 27. Kg2
Nf8 28. Qd2 Ne6 29. a3 Qb6 30. axb4 axb4 31. Nd3 Nxd4 32. Qxb4 Qxb4 33. Nxb4
Nxb3 34. Nc3 d4 35. Nb5 Nd7 36. Kf2 Ne5 37. Ke2 f5 38. f4 Ng4 39. h3 Nf6 40.
Nc6 Kf7 41. Nbxd4 Nxd4+ 42. Nxd4 g6 43. Kf3 Nd5 44. g4 Kf6 45. gxf5 gxf5 46.
Nc6 Ke6 47. Nd4+ Kf6 48. Nc6 Kg6 49. Nd4 Ne7 50. Ne6 Kh5 51. Kg3 Kg6 52. Kf3
Nc6 53. Kg3 Kf6 54. Nc5 Nd4 55. Nd3 Ke6 56. Ne5 Kf6 57. Nd3 Ne6 58. Ne5 Ng7 59.
Kf3 Ke6 60. Ke3 Ne8 61. Nf3 Nd6 62. Nd4+ Kf6 63. Kf3 Ne8 64. Nb5 Ng7 65. Nd4
Ke7 66. Ke3 Kd6 67. Nf3 Kd5 68. Nh4 Kd6 69. Ng6 Ke6 70. Ne5 Ne8 71. Nc4 Kd5 72.
Ne5 Nd6 73. Ng6 Ke6 74. Nh4 Nb5 75. Nf3 Kd5 76. Nh4 Nd6 77. Ng6 Nc8 78. Nh4 Ne7
79. Nf3 Ng6 80. Nd4 Nh4 81. Ne2 Kc4 82. Ng3 Kd5 83. Ne2 Kc5 84. Ng3 Kd6 85. Ne2
Ke6 86. Nd4+ Kf6 87. Ne2 Ke6 88. Nd4+ Kd5 89. Ne2 Ng6 90. Nd4 Ne7 91. Ne2 Kc4
92. Ng3 Kd5 93. Ne2 Nc8 94. Ng3 Nd6 95. Nh5 Ne8 96. Ng3 Ng7 97. Ne2 Ne8 98. Ng3
Nd6 99. Ne2 Ne4 100. Nd4 Ng3 101. Nb5 Kc5 102. Nc7 Kd6 103. Nb5+ Kd5 104. Nc7+
Kd6 105. Nb5+ Ke7 106. Nd4 Kf6 107. Nc6 Nh5 108. Nd4 Ng7 109. Ne2 Ke6 110. Nd4+
Kd6 111. Ne2 Kc5 112. Nd4 Kd5 113. Nf3 Nh5 114. Nd4 1/2-1/2